000 00354nam a2200133Ia 4500
008 240624s9999 xx 000 0 und d
041 _aeng
082 _a658.406 NIG
100 _aNIGHTINGALE DEBORAH J
245 _aBEYOND THE LEAN REVOLUTION ACHIEVING SUC
260 _c2011
_aNew York
_bAMACOM
300 _axvi, : 270 : p. : cm. ; 23
365 _c
_b25
999 _c22340
_d22340